| 000 | 00330nam a2200121Ia 4500 | ||
|---|---|---|---|
| 008 | 220204s9999 xx 000 0 und d | ||
| 082 |
_a519.2 _bPAP |
||
| 100 | _apapoulis, Athanasios | ||
| 245 | 0 | _aProbability random variables and stochastic processes | |
| 260 |
_aTokyo _bMcGraw Hill _c1965 |
||
| 650 | _aProbability | ||
| 942 | _cBK | ||
| 999 |
_c24056 _d24056 |
||